00439pab a2200157 454500008004000000100002300040245010400063260000900167300001300176362000800189650001800197650001300215650001200228650001300240773002800253180718b2013 xxu||||| |||| 00| 0 eng d aNowicka, Magdalena aPositioning strategies of Polish entrepreneurs in Germany: Transnationalizing Bourdieu's of capital c2013 ap.29-47. aJan aSelf employed aBourdieu aCapital aMigrants aInternational Sociology